| 000 -LEADER |
| fixed length control field |
00365cam a22001337a 4500 |
| 008 - FIXED-LENGTH DATA ELEMENTS--GENERAL INFORMATION |
| fixed length control field |
180718b1993 xxu||||| |||| 00| 0 eng d |
| 020 ## - INTERNATIONAL STANDARD BOOK NUMBER |
| International Standard Book Number |
0415097193 |
| 082 ## - DEWEY DECIMAL CLASSIFICATION NUMBER |
| Classification number |
O91 P395 |
| 100 ## - MAIN ENTRY--PERSONAL NAME |
| Personal name |
Pepper, David |
| 245 ## - TITLE STATEMENT |
| Title |
Eco-socialism from deep ecology to social justice |
| Statement of responsibility, etc. |
by David Pepper |
| 260 ## - PUBLICATION, DISTRIBUTION, ETC. |
| Place of publication, distribution, etc. |
London |
| Name of publisher, distributor, etc. |
Routlledge |
| Date of publication, distribution, etc. |
1993 |
| 300 ## - PHYSICAL DESCRIPTION |
| Extent |
266p. |
| 650 ## - SUBJECT ADDED ENTRY--TOPICAL TERM |
| Topical term or geographic name entry element |
Environment |